| 000 | 00891cam a2200229 4500 | ||
|---|---|---|---|
| 001 | X113332 | ||
| 008 | 000000n2001 000 0 eng u | ||
| 035 | _a(Sirsi) u113332 | ||
| 100 | _aCostantino, N. | ||
| 245 | _aSubcontracting in commercial and residential construction: an empirical investigation | ||
| 260 | _c2001 | ||
| 490 |
_aConstruction Management and Economics _v19(4) July 2001, 439-447(9) |
||
| 520 | _aAttempts to apply Williamson's transaction cost theory suggesting that his concept of atmosphere may explain the different features of subcontracting practice found in two studies of housebuilders and contractors. Tables, references. | ||
| 650 | _aBUILDING CONTRACTORS | ||
| 650 | _aHOUSE BUILDERS | ||
| 650 | _aSUBCONTRACTING | ||
| 650 | _aTRANSACTION COSTS | ||
| 690 |
_aProcurement _96260 |
||
| 700 | _aPietroforte, R. | ||
| 700 | _aHamill, P. | ||
| 942 | _n0 | ||
| 999 |
_c67513 _d67513 |
||